=LDR 00000nam 2200000 4500 =001 INLIS000000000001476 =005 20130612085857 =008 ***********************************Ind** =035 ##$$0010-061300000001476 =041 ##$$a Ind =082 ##$$a 808.84 =090 ##$$a 808.84, Can-s =100 ##$$a CANFIELD, Jack =245 ##$$a A Second helping of chicken soup for the soil, Jack canfield, Mark Victor Hansen =260 ##$$a 1997 $b Jakarta =300 ##$$a xxvii, 384 hlm, ilus, 21 cm =650 ##$$a Cerita Pendek - Kumpulan =850 ##$$a NBPNMAT